000 00476nam a2200181Ia 4500
001 3384
005 20260306145639.0
008 260306t1999||||xx |||||||||||||| ||spa||
041 _aESP
082 _a270.93
_bA128
100 _aPontificia Commissio Pro America Latina
_eAUT
245 0 _aActas y decretos del concilio plenario de la América Latina
260 _c1999
300 _a593 páginas :
_c24 cm.
650 _aGEN
654 _aCHU
942 _cLIB
_dJUS
_fJUS
_2ddc
_n
999 _c3384
_d3384